Zdanenie motorových vozidiel bakalárska práca

Salvato in:
Dettagli Bibliografici
Autore principale: Gaál, Réka
Ente Autore: Fakulta podnikového manažmentu EU. Katedra podnikových financií
Altri autori: Vavrová, Katarína, 1960-
Natura: Libro
Lingua:slovacco
Pubblicazione: Bratislava 2025
Tags: Aggiungi Tag
Nessun Tag, puoi essere il primo ad aggiungerne!!

MARC

LEADER 00000nbm a2200000 4500
001 0309874
005 20260108094837.9
041 0 |a slo 
044 |a SK 
245 1 0 |a Zdanenie motorových vozidiel  |b bakalárska práca  |c Réka Gaál ; školiteľ: Katarína Vavrová 
264 1 |a Bratislava  |c 2025 
300 |a 54 s. 
100 1 |a Gaál, Réka 
700 1 |a Vavrová, Katarína, 1960- 
710 2 |a Fakulta podnikového manažmentu EU. Katedra podnikových financií